Problemas de antropología cultural
Salvato in:
| Autore principale: | |
|---|---|
| Natura: | Libro |
| Lingua: | spagnolo |
| Pubblicazione: |
Ciudad de México
Fondo de Cultura Económica
1957
|
| Soggetti: | |
| Tags: |
Aggiungi Tag
Nessun Tag, puoi essere il primo ad aggiungerne!!
|
MARC
| LEADER | 00000nam a2200000 a 4500 | ||
|---|---|---|---|
| 001 | UCY1065 | ||
| 003 | CL-VaPUC | ||
| 008 | 940820e19570000MX |||||||||||||||||spa|d | ||
| 082 | 0 | 4 | |a 128 |b ROT |2 21 |
| 100 | 0 | |a Rothacker, Erich |e author |9 328931 | |
| 245 | 1 | 0 | |a Problemas de antropología cultural |
| 300 | |a 196 p | ||
| 942 | |c BK | ||
| 945 | |d 19940820 00:00:00 |a mfernand | ||
| 260 | |a Ciudad de México |b Fondo de Cultura Económica |c 1957 | ||
| 650 | 0 | |a Antropología filosófica |9 265842 | |
| 650 | 0 | |a Sociología |9 255410 | |
| 650 | 0 | |a Civilización |9 255823 | |
| 583 | |a last modification |c 20120930 10:24:50 |k Rodrigo Vera | ||
| 999 | |c 229870 |d 229868 | ||
| 952 | |0 0 |1 0 |4 0 |6 128_000000000000000_ROT_1957 |7 0 |8 P |9 231579 |a BIBEDU |b BIBEDU |c BIBEDU_PB |d 2019-11-15 |i 2950790 |l 2 |m 2 |o 128 ROT 1957 |p 2950790 |r 2024-01-25 |s 2022-11-16 |w 2019-11-15 |y BK |k FIL | ||
| 952 | |0 0 |1 0 |4 0 |6 128_000000000000000_ROT_1957 |7 0 |8 P |9 231580 |a BIBEDU |b BIBEDU |c BIBEDU_PB |d 2019-11-15 |i 1503146 |o 128 ROT 1957 |p 1503146 |r 2024-01-25 |w 2019-11-15 |y BK |k EDU | ||